[Event "Euwe-WSC"]
[Site "Amsterdam"]
[Date "2004.11.27"]
[Round "4"]
[White "Witt, Rob"]
[Black "De Jong, Jan Willem"]
[Result "0-1"]
[WhiteElo "2237"]
[BlackElo "2337"]
[Annotator "Witt,Rob"]
[PlyCount "62"]

{Hierbij mijn bijdrage aan "DER UNTERGANG". Ik was vlak na het begin van de
partij zo arrogant om te denken dat ik het noodlot zou kunnen tarten. Het
onheil dat teamleider Sander over ons afgeroepen had zou ik trotseren. Ik had
de gewenste tegenstander, mijn voorbereiding was redelijk goed en ik had ook
nog eens mijn voorbereiding op het bord gekregen wat voor mij zeer
ongebruikelijk is. Maar ik had beter moeten weten. Je kunt je lot niet
ontlopen.} 1. Nf3 Nf6 2. c4 g6 3. Nc3 d5 4. Qa4+ ({Zonder voorbereiding zou ik
een ander systeem gespeeld hebben:} 4. cxd5 Nxd5 5. Qa4+ Bd7 6. Qh4 ({of} 6.
Qb3 {afhankelijk van mijn stemming. De variant die ik in de partij kies had
enige tijd geleden mijn belangstelling opgewekt na het zien van enkele vlotte
overwinningen van Ruud Janssen en Jan Werle.})) 4... Bd7 5. Qb3 dxc4 6. Qxc4
Bg7 ({De oudere voortzetting. Ik had eerder het moderne} 6... a6 $5 {verwacht.
Temeer daar deze zet een zeer goede recensie krijgt in YB70 van New in Chess.
De kritieke variant gaat verder met} 7. d4 (7. e4) (7. Ne5) 7... b5 8. Qb3 Be6
({"According to Kramnik" deel I van Khalifman behandelt alleen} 8... Nc6 {
maar dat is in ieder geval beter voor wit.}) 9. Qc2 c5 10. dxc5 Bg7 {met zeer
i nteressant spel waarbij ik de voorkeur geef aan wit. Hier had ik mijn 2e en
3e uurtje voorbereiding aan besteed. Daarna nog even iets tegen het
Damegambiet voor het geval ik tegen Timon van Dijk moest. Het 1e uur had ik me
bezig gehouden met de stelling die in de partij ontstaat na de 13e zet. Meer
uit nieuwsgierigheid dan dat ik verwachtte dat het op het bord zou komen. Mijn
tegenstander baalde een beetje van mijn openingskeus en koos bewust voor de
oude variant omdat hij wel verwachtte dat ik met name 6....a6 had bekeken. Ze
zijn niet achterlijk daar in Naaldwijk.} (10... Nc6)) 7. e4 O-O 8. e5 Ng4 9. d4
Be6 {Mijn tegenstander speelde dit snel, zodat ik besefte dat ik hem helaas
niet op onbekend terrein had gelokt. Anders ga je wel een tijdje nadenken over
iets als 9.....c6 om d5 tegen te gaan.} ({De hoofdvariant bij Khalifman gaat
verder met} 9... Nc6) 10. d5 ({Tegenwoordig wordt ook wel het solide} 10. Qb5 {
gespeeld.}) 10... Bf5 11. Bf4 Nd7 12. Qe2 f6 13. e6 Nde5 {De kritieke stelling
van dit systeem.} 14. Bxe5 $5 ({Khalifman vindt hier} 14. Rd1 {de beste zet en
geeft wit "a large advantage". Daar ben ik het, afgezien met dat "large", wel
mee eens. Ik had echter zoveel tijd gestoken in een andere voortzetting die
Khalifman afkeurt, dat ik toch besloot daarvoor te kiezen. Temeer daar ik
alleen maar voordeel voor wit had gezien. Probleem was wel dat ik me hier
realiseerde dat ik mijn analyses niet meer kon herinneren. De kiem van "DER
UNTERGANG" is hier waarschijnlijk al tot leven gekomen.}) 14... fxe5 15. h3 Nf6
{Hier stopt Khalifman en noemt de stelling "extremely difficult" in een partij
Goldin-Mikhalevski, Israel 1997. In die partij volgde zonder commentaar Td1.
Ik vroeg me direct af of wit echt niet een stuk kan winnen met 16.g4!? Ik kon
ondanks 3 kwartier analyseren met Fritz niet vinden hoe zwart voldoende
compensatie krijgt. Opmerkelijk was dat mijn tegenstander vertelde dat hij
deze stelling enkele maanden geleden ook met Fritz had geanalyseerd en tot de
conclusie was gekomen dat het goed voor wit was. Hij kon zich echter niet meer
herinneren hoe dat ging en ik helaas ook niet ondanks dat ik het minder dan 24
uur daarvoor geanalyseerd had.} 16. g4 $5 e4 {Deze voor de hand liggende zet
speelde zwart snel en ook ik had dit als eerste geanalyseerd. Omdat ik niks
kon vinden voor zwart, heb ik ook nog gekeken naar} (16... Be4 $6 17. Nxe4 Nxe4
18. Qxe4 Rf4 19. Qe3 Qxd5 20. Be2 Raf8 21. O-O (21. Rd1 Qxa2 22. O-O e4 23. Ne1
{leek me ook goed voor wit.}) 21... Rxf3 (21... e4) 22. Bxf3 Rxf3 (22... Qxf3
23. Qxf3 Rxf3 24. Rad1 $16) 23. Rad1 $16) 17. Nd2 (17. Ng5 {was volgens mij
ook iets beter voor wit, maar de tekstzet is sterker.}) 17... Nxd5 18. gxf5
gxf5 {Op de een of andere manier kwam deze stelling me heel onbekend voor. Ik
vroeg me af of ik misschien alleen} (18... Nxc3 {had geanalys eerd. Ik begon
hier 10' na te denken en koos toebn voor de meest logische zet hoewel ik bijna
zeker wist dat ik die niet op het bord had gehad.}) 19. Rg1 $6 ({Ik zie nu dat
mijn analyses verder gingen met} 19. Nxd5 {Ik had een reden om niet te
beginnen met Tg1 Kh8 en dan pas Pxd5.} Qxd5 20. Qc4 c6 ({of} 20... Rad8) ({of} 
20... Qe5 {en de rest zal ik de lezer besparen.})) ({Tot mijn verbazing zie ik
nu dat er toch een partij is met deze stukwinst. In Zeliakov-Singh 2002 (wel
een Rapidpartij 25'+ 10" per zet) volgde hier} 19. Qc4 Nxc3 20. bxc3 Qd6) 19...
Kh8 20. Qc4 $2 (20. Nxd5 Qxd5 21. Qc4 $14 {had alsnog gespeeld moeten worden.})
20... c6 {Na een kwartier speelt zwart de zet die mij ook het beste leek. Hij
had zich ook bezig gehouden met} (20... Nb6 {maar verworpen wegens} 21. Qb3 Qd4
22. Nc4 Nxc4 23. Bxc4 e3 24. fxe3 Qxe3+ 25. Ne2 $16) ({Zelf was ik bezig te
kijken naar} 20... Nxc3 21. Rxg7 $5 Kxg7 {Gedwongen zou je zeggen. Maar Fritz
komt natuurlijk weer met iets slims, namelijk hetverbluffende} (21... Nb1 $5 {
Toch lijkt me dat goed voor wit.})) 21. O-O-O $2 {Dit is het in ieder geval
niet.} ({Het beste lijkt me nu} 21. Qb3 Qd6 22. Nc4 $1 ({Fritz geeft als beste
} 22. Bc4 $2 {maar dan volgt erg gevaarlijk} e3 $1 23. fxe3 Bxc3 24. bxc3 Nxe3
25. Nf3 Rg8 26. Ke2 Qc5 27. Bd3 Nd5 {en het is mis voor wit.}) (22. Nd1 $5 Qxe6
23. Bc4 Qd6) 22... Qxe6 23. Nxd5 cxd5 24. Ne3 Rad8 25. Rd1 {en ik geef de
voorkeur aan wit.}) 21... Qb6 $6 ({Ik had alleen naar het betere} 21... Qd6 {
gekeken. Daarop overwoog ik sterk het speculatieve} 22. Rxg7 Kxg7 23. Qd4+ Rf6
(23... Nf6 24. Qe3) 24. Nb3 {Met moeilijk te beoordelen stelling.}) 22. Rxg7 $2
{Nu is dit kwaliteitsoffer helemaal niks. Eerlijk gezegd zag ik geen andere
zet. Ik kwam gewoon niet op het idee om f2 te dekken met} (22. Rg2 $1 {Op} Nf4
{kan volgen} 23. Na4 Qa5 {en nu wel het kwaliteitsoffer in een veel betere
versie} (23... Qc7 {ook} 24. Rxg7 Kxg7 25. Nc5) 24. Rxg7 Kxg7 25. Nb3 Qe5 26.
Nac5 Rfd8 (26... b5 27. Qd4 Qxd4 28. Nxd4 Rac8 29. Nd7 $14) 27. Rd7 $1 {
Het beste is nu waarschijnlijk} b5 (27... e3 28. Nxb7 $1) 28. Qc2 e3 29. Nb7 e2
$5 (29... Rg8) 30. Bxe2 Nxe2+ 31. Kd1 Rxd7+ 32. exd7 Qd5+ (32... Nf4 33. Qc3 $1
$16) 33. Kxe2 Qe6+ 34. Kf1 Qxd7 35. N7c5 Qd5 {en onduidelijk, zullen we maar
zeggen.}) 22... Kxg7 23. Nxd5 cxd5 24. Qxd5 Qxf2 25. Bb5 $2 {Zowel Jan Willem
als ik vonden dit achteraf een goede zet, maar dat blijkt onjuist. Een betere
kans was} (25. Qxb7 {Het lijkt w aanzin om zwart open lijnen voor zijn torens
te geven. Maar omdat de zwarte b-pion verdwenen is kan wit in sommige
varianten zijn paard goed op c4 zetten. Zwart moet nauwkeurig spelen om zijn
voordeel te bewijzen.} Rac8+ (25... Qc5+ 26. Nc4 (26. Kb1 $6 Rfd8 $1 (26...
Rfc8 $6 27. Qb3 Rab8 28. Qg3+ Kh8 29. Nc4 {is eerder beter voor wit.}) 27. Rc1
(27. Qb3 Qf2 $17) 27... Rab8 28. Rxc5 Rxb7 29. Kc2 Kf6 30. Bc4 Rg8 {en zwart
moet kunnen winnen met zijn vrijpionnen.}) 26... Rab8 27. Qd5 Qxd5 28. Rxd5 Kf6
{Dit eindspel is heel moeilijk te analyseren omdat beide partijen zoveel
mogelijkheden hebben. Zwart moet beter staan maar of het genoeg is voor winst?
Een aardige variant is bijv.} 29. Ra5 f4 30. Rxa7 (30. Kd2) 30... Rg8 31. Rd7
Rg1 32. Rd1 Kxe6 33. h4 Rh1 34. Nd2 Kf5 35. Nxe4 Rxf1 36. Rxf1 Kxe4 37. Re1+
Kd3 38. Rxe7 f3 39. Rd7+ Ke2 40. Re7+ Kf1 41. Rxh7 f2 {en hoewel Fritz hier -2.
00 geeft omdat wit zijn toren zal moeten geven voor de f-pion, ben ik niet
zeker van zwarte winst. Beide partijen kunnen ongetwijfeld ook anders spelen.})
(25... e3 $5 {Ook deze verrassende zet is een serieuze mogelijkheid, al zal
zwart in de praktijk niet gauw hiervoor kiezen.} 26. Qxe7+ Kh8 27. Nc4 e2 28.
Bxe2 Qxe2 29. b3 Rae8 30. Qxa7 Qxe6 $15) 26. Nc4 (26. Kb1 $2 e3 $1 27. Qxe7+
Kh8 28. Qb4 exd2 29. Qxd2 Qxd2 30. Rxd2 Rfe8 $17) 26... Kf6 27. Kb1 Rfd8 (27...
Kxe6 $2 28. Be2 $1 Kf6 (28... Qxe2 $2 29. Qa6+) 29. Qa6+ Kg7 30. Qe6 Qc5 31.
Rd5 Qg1+ 32. Rd1 {onduidelijk.}) 28. Rc1 e3 29. Qb5 $1 Qf4 30. Qb7 Rc7 31. Qg2
{Zwart staat beter, maar wit kan nog vechten.}) 25... Rac8+ ({Nog sterker was} 
25... Rfd8 $1 {Hiertegen was mijn Lb5 bedoeld.} 26. Bd7 e3 27. Qd4+ Kh6 28. Nb3
(28. Nb1 Rg8 $1) 28... f4 {en wit is weerloos tegen de zwarte vrijpionnen.})
26. Kb1 Qc5 {Ligt voor de hand en had ik ook verwacht. Toch is er een goed
alternatief dat we allebei niet goed beoordeeld hadden:} (26... e3 $5 {Jan
Willem nam deze zet nooit serieus omdat hij bang was dat de pionnen geblokkerd
zouden raken.} 27. Qf3 Qxf3 28. Nxf3 Kf6 29. Rd3 Rc5 $1 (29... f4 30. Rd4) 30.
a4 a6 31. Bd7 Rg8 32. Rxe3 Rg3 33. h4 Rc4 {en zwart moet straks met zijn vrije
h-pion kunnen winnen.}) 27. Qb3 Rf6 28. Bd7 Rc7 29. a3 $2 {De verliezende zet.
Het lijkt logisch om een gaatje te maken, maar ik moet natuurlijk eerst
voorkomen dat de zwarte toren op f6 aktief wordt. Dat kon met} (29. Be8 $1 {
In de analyse achteraf konden we niks vinden voor zwart. Ook Tigran niet, maar
die had de hele middag al niets gezien. Uiteindelijk dacht mijn tegenstander
dat hij het beste meteen een kwaliteit kon geven. Waarschijnlijk was de
kwaliteit van onze analyses onder de maat want noodzakelijk blijkt dit niet.}
e3 $1 {Hier geloofde Jan Willem niet in omdat het paard weer velden krijgt.
Het blijkt echter winnend.} ({Niet noodzakelijk dus, maar wel heel interessant
is} 29... Rg6 30. Bxg6 hxg6 {en hoewel ik in de analyse niks kon aantonen,
denk ik nu dat wit toch beter staat na} 31. h4 $1) (29... Qf2 $5 {vonden we
onduidelijk na} 30. Nc4 f4 31. Nd2 Qd4 32. Nf3 Qc5 33. Nd4 {Maar het lijkt me
nu toch goed voor zwart na} Qc4 34. Qa3 (34. Rg1+ Kh6 $1 35. Qd1 Qd3+ 36. Qxd3
exd3 $19) 34... Kh8 35. Qxa7 Qc5 $17) (29... Rxe6 $2 {is niet goed wegens} 30.
Qxe6 Qc2+ 31. Ka1 Qxd1+ 32. Nb1 {met minstens remise.}) 30. Nf3 e2 31. Re1 Rxe6
$1 {Die moeten we gemist hebben.} 32. Ng5 (32. a3 Qe3 $1 33. Qxe3 (33. Qd5 Rc5
34. Qd4+ Qxd4 (34... Ree5 $5) 35. Nxd4 Re4 36. Nb3 (36. Nxe2 f4 37. Rg1+ Kf8
$19) 36... Rce5 37. Bh5 Re3 38. Nc1 f4 $19)) 32... Qc1+ 33. Rxc1 Rxc1+ 34. Kxc1
e1=Q+ 35. Qd1 Qxd1+ 36. Kxd1 Rh6 $19 {Conclusie. Le8 verliest ook, maar zwart
had het een stuk moeilijker gehad om dat in de praktijk te bewijzen.}) 29...
Rg6 $1 {Natuurlijk, de toren wordt snel aktief. Ik dacht hier 25' na zonder
iets speelbaars te vinden.} 30. Be8 ({Mijn tegenstander verwachtte het sterkere
} 30. Ka2 Rg2 $1 {Deze sterke zet hebben we achteraf niet bekeken.} ({Ik had
Ka2 verworpen wegens} 30... Qc2 {maar dan is} 31. Qb4 {heel lastig voor zwart.
Bijv.} Kf8 32. Qd4 {is al minstens remise.} ({en} 32. Rf1 {is een riskante
winstpoging.}) 32... Rf6 $2 (32... Qxd1 33. Qh8+ Rg8 34. Qxh7 Rg7 35. Qh8+) 33.
Ba4 Qd3 34. Qxa7 Qd5+ 35. Bb3 Qc5 36. Qb8+ Rc8 37. Qxb7 $16) 31. h4 {Ik zie
niks beters voor wit dan met de h-pion naar voren rennen.} Qe5 $1 {Een mooi
centraal veld voor de dame. Zwart staat klaar om de f-pion op te spelen en om
de witte dame lastig te vallen met Tg3.} 32. h5 Rg3 33. Qb4 Qc5 {en wit kan
niks meer.}) 30... Rg1 (30... Rg2 {was ook sterk.}) 31. Bf7 $2 {Een blunder in
verloren stelling. Iedereen zag wat er nu ging gebeuren behalve ik zelf en in
eerste instantie mijn tegenstander. Na een paar minuten zag ook hij het licht.}
({Noodzakelijk was} 31. Rxg1+ Qxg1+ 32. Ka2 {maar ook hier bestaat over de
uitslag geen twijfel, met name omdat het witte paard niks kan. Het duidelijkst
lijkt me} Rc1 33. Qd5 Ra1+ 34. Kb3 Kf6 35. Bd7 Qe3+ 36. Kc2 Rh1) 31... Qc1+ $1
{DER UNTERGANG IST TOTAL!} 0-1

[Event "Euwe intern"]
[Site "?"]
[Date "2004.12.16"]
[Round "15"]
[White "Blanchard, Jacky"]
[Black "Witt, Rob"]
[Result "1-0"]
[WhiteElo "2140"]
[BlackElo "2237"]
[Annotator "Witt,Rob"]
[PlyCount "127"]

{De laatste interne ronde voor de winterstop. Voor Jacky was de partij van
belang. Hij stond 2e met een kleine voorsprong op Alje. Als Alje zou winnen
van Nirav, moest Jacky ook winnen om definitief 2e te worden en daarmee zich
te plaatsen voor de playoffs. Voor mij was de partij niet van belang en dat is
helaas te merken.} 1. d4 Nf6 2. c3 d5 3. Bf4 Nbd7 {Deze stelling vind je in
geen enkele database.} 4. e3 g6 5. Nd2 Bg7 6. h3 O-O 7. Ngf3 b6 8. Be2 Bb7 9.
O-O c5 {Maar nu is via zetverwisseling toch weer een bekende stelling ontstaan.
Wit zet nu meestal voort met Pe5 of a4. Jacky heeft zijn eigen ideeen.} 10. Qb1
$5 {De zet blijkt niet nieuw. Taimanov speelde zo een keer tegen Honfi in 1972.
} Ne4 {Zo speelde Honfi ook, maar achteraf lijkt me iets als a6 ook niet
slecht.} 11. Rd1 {Jacky blijft zijn rustige stijl trouw. Ik hoopte op} (11.
Nxe4 dxe4 12. Ng5 (12. Nd2 f5) 12... Nf6 13. Be5 cxd4 14. exd4 (14. cxd4 Qd5
$11) 14... h6 15. Bxf6 exf6 16. Nxe4 f5 17. Ng3 (17. Nd2 Bxg2 18. Kxg2 Qg5+ 19.
Kh1 Qxd2 {leek me prettig voor zwart al zal het wel gelijk staan.}) 17... Re8
18. Re1 f4 19. Nf1 Qg5 20. f3 Re7 {Met veel spel voor de pion.}) 11... Nxd2 12.
Nxd2 {Verrassend. Ik dacht dat Jacky Td1 speelde om met zijn toren terug te
slaan.} e5 $2 {Snel en oppervlakkig gespeeld. De zet leidt tot alleen maar tot
vereenvoudigingen die in het voordeel van wit uitvallen. Iedere andere zet was
beter geweest.} 13. dxe5 Nxe5 14. Nf3 Qe7 15. a4 $2 ({Beter lijkt me om direkt
alles op e5 te ruilen.} 15. Nxe5 Bxe5 16. Bxe5 Qxe5 17. Bf3 Rad8 18. Rd2 $14)
15... a5 $2 {geeft wit een nieuwe kans.} ({Ik had stukkenruil moeten voorkomen
met} 15... Nc6 {en zwart heeft geen enkel probleem. Ach ja, had ik maar het
een fractie van het inzicht van Ulf Andersson. Die wist blind welke stukken je
moet ruilen en welke niet. Wit zou denk ik wel een kwaliteit kunnen offeren
voor een pion, maar een echte winstpoging lijkt me dat niet.} 16. Rxd5 Nd4 17.
Rxd4 cxd4 18. Nxd4 $13) (15... f6 16. a5 {lijkt me iets beter voor wit.}) 16.
Qa2 $2 {Opnieuw had wit op e5 moeten ruilen.} Rad8 $2 (16... f6) (16... Nd7)
17. Nxe5 {Ja, je moet Jacky ook geen drie kansen geven.} Bxe5 18. Bh6 $1 (18.
Bxe5 Qxe5 19. Bf3 Rd6 20. Rd2 Rfd8 21. Rad1 $14) 18... Bg7 ({Tijdens en bij de
analyse na afloop met o.a. Marc en Jos hebben we natuurlijk geen aandacht
geschonken aan} 18... Rfe8 {want dat kost een kwaliteit na} 19. Bb5 {Maar
Fritz vindt het toch wel interessant en misschien heeft zwart compensatie na
bijv.} Qh4 20. Bxe8 Rxe8 21. Bf4 ({Fritz noemt ook nog} 21. Qb3 Qxh6 22. Qxb6
Rb8 23. f4 Bh8 24. Qxc5 (24. Qc7 Qf8) 24... Qf8 25. Qxa5 $13) 21... Bxf4 22.
exf4 Re2 23. Rf1 d4 24. cxd4 (24. Qc4 $2 Qg3 $3 $11) 24... Qxf4 25. Rad1 $1 ({
of ook} 25. d5 Qe4 26. Rad1 c4 27. Qb1 $14) 25... cxd4 26. Qc4 Qg5 27. g4 (27.
g3 $4 Qxg3+ $17) 27... Rd2 28. Rxd2 Qxd2 29. Qc7 $14) 19. Bxg7 Kxg7 20. Bf3 c4
{Positionele capitulatie, maar andere zetten verliezen de d-pion.} 21. Rd4 Rd6
{Ik dacht na wit's volgende zet dat dit een verschrikkelijke blunder was en
dat ik met Td7 had kunnen verdedigen, maar dat blijkt niet waar.} (21... Rd7
22. Rad1 Rfd8 23. b3 cxb3 24. Qxb3 {en ook hier is zwart in moeilijkheden.})
22. Qa3 $1 {Niet gezien. Door de penning van Td6 staat pion d5 gelijk in.} Qc7
23. Rad1 Re8 $2 {Ik verhinder e4 maar het was me even ontgaan dat pion d5
gewoon in staat. Ik had wel nog een andere speelwijze overwogen maar ook
totaal verkeerd gezien.} (23... Rfd8 24. e4 Qc5 25. exd5 ({Blind als ik was
dacht ik dat het niet kon wegens} 25. Qxc5 $2 bxc5 26. R4d2 d4 27. e5 $2 {
maar dan slaat zwart natuurlijk op f3.}) 25... Qxa3 26. bxa3 Rc8 27. Be2 Ba6 {
en hier heeft wit nog heel wat technische problemen op te lossen om het punt
binnen te halen.}) 24. Bxd5 (24. e4 $4 Rde6 $1) 24... Bxd5 25. Rxd5 Rxd5 26.
Rxd5 Rd8 27. Rd4 Rd7 ({Iets beter gelijk} 27... Rxd4) 28. Qa1 {Na lang
nadenken. Een alternatief was} (28. b3) 28... Rxd4 29. exd4 Qc6 30. Qd1 Qd5 $6
{Zinloze blokkade. De pion kan toch nog niet makkelijk naar voren zonder zwak
te worden. Beter was} (30... Qe4) 31. Qe2 Qc6 32. Qe5+ Kf8 33. Kh2 ({Jacky
speelde niet} 33. d5 {wegens} Qc5 {maar na bijv.} 34. Kf1 h5 35. Ke2 {heeft
zwart geen zetten meer.}) 33... f6 $6 (33... Qxa4 34. Qd6+ (34. d5 Qb5) 34...
Kg7 35. Qxb6 Qc2 {was lastiger geweest voor wit.}) 34. Qb5 (34. Qb8+ $1 Kg7 35.
Qd8) 34... Qc7+ $2 {A tempo gespeeld en hiermee verlies ik mijn laatste kans
om te vechten.} ({Ik dacht dat} 34... Qe4 $1 {niks was wegens} 35. Qxc4 Qf4+
36. Kg1 Qc1+ 37. Qf1 {maar na} Qxb2 38. Qe1 Qb3 {heeft wit het veel moeilijker
dan in de partij.}) 35. g3 h5 36. h4 Ke7 37. Qd5 Qc8 38. Kg2 Qc7 39. Kg1 Qc8
40. Kh2 {Zwart heeft geen zetten meer.} Kf8 $2 {Ik geef weer een pion weg,
maar andere zetten verliezen ook.} 41. Qd6+ Kf7 42. Qxb6 Qf5 43. Qb7+ Kg8 44.
Kg2 g5 45. Qf3 Qg6 46. hxg5 Qxg5 47. Qe4 Kg7 48. d5 h4 49. g4 Qd2 50. Qe7+ Kg6
51. Qe6 Qxb2 (51... h3+ 52. Kxh3 Qxf2 {was beter maar ook verliezend.}) 52. d6
Qb7+ 53. Kh2 Qb2 (53... h3 54. Qe8+ Kh6 55. Qe3+ Kg6 56. f3 $18) 54. Qf5+ Kg7
55. g5 fxg5 56. d7 Qd2 57. Kh3 Qxc3+ 58. Kg4 Qd4+ 59. Kh5 Qd1+ 60. f3 h3 61.
Qxg5+ Kh7 62. Qg6+ Kh8 63. Qf6+ Kh7 64. d8=Q {en zwart is uitgesparteld. Sorry
Alje!} 1-0